00697nam a22001937a 450000500170000001000150001702000260003203500140005803700130007208200110008510000180009624501230011426000420023727001410027930000240042050000190044470000180046370000220048120190716113440.0 aENG-125939 a9789353434878c599.00 aEN-109471 bDBAD/PUB a658.83 aViki, Tendayi aThe lean product lifecycle :cby Tendayi Viki, Craig Strong [and] Sonja Kresojevicbhow to make products people want / aNoida bPearson India Educationc2019 a15th Floor, Tower-B, World Trade Tower, Plot No.I, Block-C, Sector 16bNoida, Uttar Pradesh e201301mcompanysecretary.india@pearson.com axiv,243.c23cm(pbk) aIncludes index aStrong, Craig aKresojevic, Sonja